Cuando el spot llega a lo local : publicidad política en los estados de la República /
Estudio sobre la propaganda televisiva, producida y transmitida a través del pautado oficial del Instituto Federal Electoral (IFE), en 19 elecciones a gobernadores en México durante el período 2006-2011.
Enregistré dans:
| Auteur principal: | |
|---|---|
| Autres auteurs: | |
| Format: | Livre |
| Langue: | espagnol |
| Publié: |
México :
UNAM, Centro de Investigaciones Interdisciplinarias en Ciencias y Humanidades,
2013, c2013
|
| Collection: | (Debate y Reflexión ;
48) |
| Sujets: | |
| Tags: |
Pas de tags, Soyez le premier à ajouter un tag!
|
MARC
| LEADER | 00000nam^a2200000^a^4500 | ||
|---|---|---|---|
| 001 | 000339223 | ||
| 005 | 20250521000000.0 | ||
| 009 | 20260310114418.644 | ||
| 020 | |a 978-607-02-4132-1 | ||
| 037 | |a Acervo ITESO - Biblioteca | ||
| 041 | |a ESP | ||
| 082 | |a 324. 7309720712 |b JUA | ||
| 100 | |a Juárez Gámiz, Julio |e (autor) | ||
| 245 | 1 | 0 | |a Cuando el spot llega a lo local : |b publicidad política en los estados de la República / |c J. Juárez Gámiz, M. Echeverría Victoria. |
| 264 | 4 | |a México : |b UNAM, Centro de Investigaciones Interdisciplinarias en Ciencias y Humanidades, |c 2013, c2013 | |
| 300 | |a 109 p. | ||
| 336 | |a texto |b txt |2 rdacontenido | ||
| 337 | |a sin mediación |b n |2 rdamedio | ||
| 338 | |a volumen |b nc |2 rdasoporte | ||
| 440 | 1 | |a (Debate y Reflexión ; |v 48) | |
| 520 | |a Estudio sobre la propaganda televisiva, producida y transmitida a través del pautado oficial del Instituto Federal Electoral (IFE), en 19 elecciones a gobernadores en México durante el período 2006-2011. | ||
| 649 | |a XX | ||
| 650 | |a Publicidad en Televisión - |z México - |x Historia - |y 2006-2012 - |x Tema Principal | ||
| 650 | |a Publicidad en Televisión - |z México - |x Historia - |y Siglo XXI | ||
| 650 | |a Propaganda - |z México - |x Historia - |y 2006-2012 - |x Tema Principal | ||
| 650 | |a Propaganda - |z México - |x Historia - |y Siglo XXI | ||
| 650 | |a Televisión - |z México - |x Historia | ||
| 650 | |a Medios Audiovisuales - |z México - |x Historia | ||
| 650 | |a Medios de Comunicación - |z México - |x Historia | ||
| 650 | |a Comunicación y Política - |z México - |x Historia | ||
| 650 | |a Comunicación Masiva - |z México - |x Historia | ||
| 650 | |a México - |x Condiciones Políticas | ||
| 650 | |a Política - |z México - |x Historia - |y 2006-2012 | ||
| 650 | |a Política - |z México - |x Historia - |y Siglo XXI | ||
| 700 | |a Echeverría Victoria, Martín |e (autor) | ||
| 910 | |a Fondo General | ||
| 920 | |a Impresos - Libros | ||
| 930 | |a Colección General | ||
| 905 | |a 101 | ||
| 901 | |a 0500229319 |b IT1 |c ACC |i C139672 |u 20250521 | ||
| 902 | |a https://opac.biblio.iteso.mx/vufind/Record/000339223 | ||